| 000 | 00519nam a22001937a 4500 | ||
|---|---|---|---|
| 003 | CEME | ||
| 005 | 20210628203222.0 | ||
| 008 | 210121b xxu||||| |||| 00| 0 eng d | ||
| 020 | _a0-07-293588-X | ||
| 040 | _cCEME | ||
| 082 | _a658.4038 OBR | ||
| 100 |
_aO'brien, James .A , Marakas, George. M _964064 |
||
| 245 | _aManagement information systems | ||
| 250 | _a7TH | ||
| 260 |
_aNEW YORK _bMCGRAW HILL _c2006 |
||
| 300 | _aXXXI, 592 P | ||
| 650 |
_aMANAGEMENT INFORMATION SYSTEMS.MIS _964065 |
||
| 942 |
_cBK _2ddc |
||
| 999 |
_c572700 _d572700 |
||